00780nam a22002297a 450000100060000000300080000600500170001400800410003103500190007204000270009104100080011808200230012610000380014924501000018726000660028730000260035350000670037950400510044665000180049765000180051565000170053335774BD-RjUL20211209052357.0140609r19521894e b 001 0 eng d a(BD-RjUL)35869 aDLCcDLCdBD-RjULbeng aeng00a323.401bRIN 19521 aRitchie, David Georged1853-1903.10aNatural rights :ba criticism of some political and ethical conceptions /cby David G. Ritchie. aLondon :bGeorge Allen & unwin Ltd.,c1894 [Impression 1952]. axvi, 304 p. ;c22 cm. aReprint of the 1952 ed. published by G. Allen & Unwin, London. aIncludes bibliographical references and index. 0aCivil rights. 0aHuman rights. 0aNatural law.